书目信息 |
| 题名: |
泛北部湾区域生态文明共享模式与实现机制研究
|
|
| 作者: | 肖祥, 著 | |
| 分册: | ||
| 出版信息: | 北京 中国社会科学出版社 2015.05 |
|
| 页数: | 291页 | |
| 开本: | 24cm | |
| 丛书名: | ||
| 单 册: | ||
| 中图分类: | P722.7 , P72 | |
| 科图分类: | ||
| 主题词: | ||
| 电子资源: | ||
| ISBN: | 978-7-5161-6124-1 | |
| 000 | 01118nam0 2200253 450 | |
| 001 | 2346438359 | |
| 005 | 20231125125419.93 | |
| 010 | @a978-7-5161-6124-1@dCNY70.00 | |
| 100 | @a20150918d2015 em y0chiy50 ea | |
| 101 | 0 | @achi |
| 102 | @aCN@b110000 | |
| 105 | @aak a 000yy | |
| 200 | 1 | @a泛北部湾区域生态文明共享模式与实现机制研究@Afan bei bu wan qu yu sheng tai wen ming gong xiang mo shi yu shi xian ji zhi yan jiu@f肖祥著 |
| 210 | @a北京@c中国社会科学出版社@d2015.05 | |
| 215 | @a291页@c图@d24cm | |
| 300 | @a国家社会科学基金项目 (11XKS010) 研究成果 | |
| 320 | @a有书目 | |
| 330 | @a本书以发展伦理为指导, 基于泛北部湾地区生态文明状况的实证研究, 以区域生态文明共享模式建构及如何实现为基本思路展开, 以发展伦理为理论视角对区域生态文明共享的伦理原则、基本内容、共享模式、存在问题及原因、实现机制等进行分析 ; 最后从国家战略层面对区域生态文明共享模式及实现机制进行审视, 提出具体实施的战略任务。全书共分为十章。 | |
| 607 | @a北部湾@Abei bu wan@x生态文明@x研究 | |
| 690 | @aP722.7@v5 | |
| 690 | @aP72@v4 | |
| 701 | 0 | @a肖祥,@Axiao xiang@f1970-@4著 |
| 801 | 0 | @aCN@b人天书店@c20150918 |
| 905 | @aBZT@dP72@e6 | |
| 泛北部湾区域生态文明共享模式与实现机制研究/肖祥著.-北京:中国社会科学出版社,2015.05 |
| 291页:图;24cm |
| 国家社会科学基金项目 (11XKS010) 研究成果 |
| ISBN 978-7-5161-6124-1:CNY70.00 |
| 本书以发展伦理为指导, 基于泛北部湾地区生态文明状况的实证研究, 以区域生态文明共享模式建构及如何实现为基本思路展开, 以发展伦理为理论视角对区域生态文明共享的伦理原则、基本内容、共享模式、存在问题及原因、实现机制等进行分析 ; 最后从国家战略层面对区域生态文明共享模式及实现机制进行审视, 提出具体实施的战略任务。全书共分为十章。 |
| ● |
| 相关链接 |
|
|
|
正题名:泛北部湾区域生态文明共享模式与实现机制研究
索取号:P72/6
 
预约/预借
| 序号 | 登录号 | 条形码 | 馆藏地/架位号 | 状态 | 备注 |
| 1 | 2001083274 | 2001083274 | 东辅楼二楼书库/ [索取号:P72/6] | 在馆 | |
| 2 | 2001083275 | 2001083275 | 东辅楼二楼书库/ [索取号:P72/6] | 在馆 | |
| 3 | 2001083276 | 2001083276 | 东辅楼二楼书库/ [索取号:P72/6] | 在馆 | |
| 4 | 2001083277 | 2001083277 | 东辅楼二楼书库/ [索取号:P72/6] | 在馆 | |
| 5 | 2001083278 | 2001083278 | 东辅楼二楼书库/ [索取号:P72/6] | 在馆 | |
| 6 | 2001083279 | 2001083279 | 东辅楼二楼书库/ [索取号:P72/6] | 在馆 | |
| 7 | 2001083280 | 2001083280 | 东辅楼二楼书库/ [索取号:P72/6] | 在馆 | |
| 8 | 2001083281 | 2001083281 | 东辅楼二楼书库/ [索取号:P72/6] | 在馆 | |
| 9 | 2001083282 | 2001083282 | 东辅楼二楼书库/ [索取号:P72/6] | 在馆 | |
| 10 | 2001083283 | 2001083283 | 东辅楼二楼书库/ [索取号:P72/6] | 在馆 | |
| 11 | 2001083284 | 2001083284 | 东辅楼二楼书库/ [索取号:P72/6] | 在馆 | |
| 12 | 2001083285 | 2001083285 | 东辅楼二楼书库/ [索取号:P72/6] | 在馆 | |
| 13 | 2001083286 | 2001083286 | 东辅楼二楼书库/ [索取号:P72/6] | 在馆 | |
| 14 | 2001083287 | 2001083287 | 东辅楼二楼书库/ [索取号:P72/6] | 在馆 | |
| 15 | 2001083288 | 2001083288 | 东辅楼二楼书库/ [索取号:P72/6] | 在馆 | |
| 16 | 2001083289 | 2001083289 | 东辅楼二楼书库/ [索取号:P72/6] | 在馆 | |
| 17 | 2001083290 | 2001083290 | 东辅楼二楼书库/ [索取号:P72/6] | 在馆 | |
| 18 | 2001083291 | 2001083291 | 东辅楼二楼书库/ [索取号:P72/6] | 在馆 | |
| 19 | 2001083292 | 2001083292 | 东辅楼二楼书库/ [索取号:P72/6] | 在馆 | |
| 20 | 2001083293 | 2001083293 | 东辅楼二楼书库/ [索取号:P72/6] | 在馆 | |
| 21 | 2001083294 | 2001083294 | 东辅楼二楼书库/ [索取号:P72/6] | 在馆 | |
| 22 | 2001083295 | 2001083295 | 东辅楼二楼书库/ [索取号:P72/6] | 在馆 | |
| 23 | 2001083296 | 2001083296 | 东辅楼二楼书库/ [索取号:P72/6] | 在馆 | |
| 24 | 2001083297 | 2001083297 | 东辅楼二楼书库/ [索取号:P72/6] | 在馆 | |
| 25 | 2001083298 | 2001083298 | 东辅楼二楼书库/ [索取号:P72/6] | 在馆 | |
| 26 | 2001083299 | 2001083299 | 东辅楼二楼书库/ [索取号:P72/6] | 在馆 | |
| 27 | 2001083300 | 2001083300 | 东辅楼二楼书库/ [索取号:P72/6] | 在馆 | |
| 28 | 2001083301 | 2001083301 | 东辅楼二楼书库/ [索取号:P72/6] | 在馆 | |
| 29 | 2001083302 | 2001083302 | 东辅楼二楼书库/ [索取号:P72/6] | 在馆 | |
| 30 | 2001083303 | 2001083303 | 东辅楼二楼书库/ [索取号:P72/6] | 在馆 |